000 00437nam a2200157Ia 4500
008 210719s2005 xx 000 0 und d
041 _aeng
082 _a658.8 SALC
100 _aSaldanha (Mark)
245 _aCustomer satisfaction towards maruti cars.
260 _aMangalore
_bDepartment of Business Management St Aloysius College
_c2005
300 _a66
_bHB
365 _cRs
650 _aProject Reports
906 _aBBM Project
999 _c214255
_d214255